| 000 | 00399nam a22001577a 4500 | ||
|---|---|---|---|
| 003 | CEME | ||
| 005 | 20210628201942.0 | ||
| 008 | 210415b xxu||||| |||| 00| 0 eng d | ||
| 040 | _c. | ||
| 082 | _a621.382 BOY'I | ||
| 100 |
_aBoys, Howard _957576 |
||
| 245 | _aTransistor circuits for radio controlled modelsboys, howard | ||
| 260 |
_aLONDON _bBERNARDS _c1961 |
||
| 300 | _a60P | ||
| 942 |
_cBK _2ddc |
||
| 999 |
_c567845 _d567845 |
||